| 000 | 00447cam a22001577a 4500 | ||
|---|---|---|---|
| 008 | 180718b1999 xxu||||| |||| 00| 0 eng d | ||
| 020 | _a8173042829 | ||
| 082 | _aB1243x54 M389 | ||
| 100 | _aMassey, James | ||
| 245 |
_aMinorities in a democracy: the Indian experience _cby James Massey |
||
| 260 |
_aNew Delhi _bManohar _c1999 |
||
| 300 | _a224p. | ||
| 650 | _aHuman rights - India | ||
| 650 | _aDemocracy - India | ||
| 650 | _aMinorities - India | ||
| 999 |
_c388597 _d388597 |
||